00265nam a2200109Ia 4500008004100000100001300041245003000054260002700084650002000111942000700131999001700138190216s9999||||xx |||||||||||||| ||und|| aEdassery 0aAdhunika Gadya Mathrkagal bUniversity Of Calicut aEssay Malayalam cBK c25483d25483